Friends Trivia A-Z - Statistics

General Stats
  • This quiz has been taken 357 times
    67 since last reset
  • The average score is 19 of 26
Answer Stats
Clue Answer % Correct
A - What Monica and Rachel bet and lose in the trivia game against Joey and Chandler Apartment
98%
D - The show Joey stars in Days of our Lives
97%
E - Ross and Rachel’s daughter’s name Emma
97%
H - Joey’s pickup line How you doin’?
95%
M - Ross’s pet monkey Marcel
91%
S - Phoebe’s signature song Smelly Cat
91%
G - The barista at Central Perk that falls in love with Rachel Gunther
90%
J - Oh… my… God! Janice
88%
Y - The country Chandler tells J he has to move to Yemen
88%
O - The state that Chandler has to move to because he slept through a meeting Oklahoma
84%
P - What Chandler and Rachel had to do with Ross’s new sofa but didn’t Pivot
81%
U - He used to be cute naked guy Ugly naked guy
79%
X - Monica had to get one of these when she brought ross to the hospital X-Ray
76%
I - Other than cups, what Phoebe was in charge of and made a really big deal out of Ice
74%
C - The food that Chandler and Rachel keep mistakingly getting at their door in one of the episodes Cheesecake
72%
T - The city in O that Chandler had to move to Tulsa
67%
N - Ross and Joey have the best one of their life together Nap
66%
W - Probably the most famous line on the show WE WERE ON A BREAK!!!
62%
B - The song that makes Ross and Rachel’s daughter laugh Baby Got Back
60%
K - Joey’s alter ego Ken Adams
57%
Q - What Chandler has always wanted to do but has always been too scared to Quit
52%
F - The dangerous game Joey and Chandler invent when Joey should be writing his screenplay Fireball
48%
L - One of the books Joey has to hide in the freezer Little Women
48%
R - Joey’s chair that breaks Rosita
48%
V - Chandler got trapped in an ATM _____ with Gill Goodachre Vestibule
47%
Rachel's boss at Ralph Lauren Mr. Zelner
26%
No matching quizzes found
Score Distribution
Percent of People with Each Score
Percentile by Number Answered
Your Score History
You have not taken this quiz since the last reset